000 00876cam a2200265 a 4500
001 28125
005 20230410101945.0
008 041108r1965 mx b 001 0 spa
035 _a(OCoLC)ocm06543506
040 _aWAU
_cWAU
_dOCLCQ
_dOCLCG
035 _a(OCoLC)6543506
043 _anwdr---
050 1 4 _a118 F 1938.55
_bB742c 1965
100 1 _aBosch, Juan,
_d1909-2001.
245 1 0 _aCrisis de la democracia de América en la República Dominicana /
_cJuan Bosch.
250 _a3a. ed.
260 _aMéxico :
_bCentro de Estudios y Documentación Sociales,
_c1965.
300 _a226 p. :
_bill. ;
_c19 cm.
490 0 _aEstudios y documentos ;
_vno. 14
500 _aIncludes index.
651 0 _aDominican Republic
_xPolitics and government
_y1930-1961.
651 0 _aDominican Republic
_xPolitics and government
_y1961-
942 _2lcc
_cbk
994 _aC0
_bDRFGD
999 _c16411
_d16411